000 00499cab a2200193 4500
001 A68
008 090401t1990 xxu||||| |||| 00| 0 eng d
035 _a(Sirsi) u32096
041 _aeng
100 _aSmith, Jim
245 _aEverest - man and mountain
260 _c1990
350 _a0
490 _aLand & Minerals Surveying
_v8(7) July 1990, 321-328(8)
520 _aA brief biography of the life of Sir George Everest.
690 _aLAND SURVEYING
942 _n0
948 _c04/03/1997
999 _c21540
_d21540